Introduction to local area networks

保存先:
書誌詳細
第一著者: Thomas, Robert M.
フォーマット: 図書
言語:Undetermined
出版事項: San Francisco Sybex Network Press 1982
主題:
タグ: タグ追加
タグなし, このレコードへの初めてのタグを付けませんか!
Thư viện lưu trữ: Trung tâm Học liệu Trường Đại học Cần Thơ
LEADER 00535nam a2200181Ia 4500
001 CTU_98206
008 210402s9999 xx 000 0 und d
082 |a 004.68 
082 |b T454 
100 |a Thomas, Robert M. 
245 0 |a Introduction to local area networks 
245 0 |c Robert M. Thomas 
260 |a San Francisco 
260 |b Sybex Network Press 
260 |c 1982 
650 |a Local area networks (Computer networks),Business communication 
904 |i Năm 
980 |a Trung tâm Học liệu Trường Đại học Cần Thơ